| 000 | 00785nam a22001817a 4500 | ||
|---|---|---|---|
| 003 | OSt | ||
| 005 | 20251228151107.0 | ||
| 008 | 251228b |||||||| |||| 00| 0 eng d | ||
| 020 | _a9781138647275 | ||
| 040 | _cn | ||
| 082 | _a729 P94 2017 | ||
| 245 |
_aAdaptive Architecture: Changing Parameters and Practice / _cedited by Wolfgang F. E. Preiser (Editor), Andrea E. Hardy (Editor), Jacob J. Wilhelm (Editor) |
||
| 260 | _bNew York. Routledge (Taylor & Francis) 2017 | ||
| 300 | _a302 p. 24 cm. | ||
| 650 | _aAdaptive architecture | Sustainable building design | Responsive building systems | Architectural technology | Environmental design | Smart buildings | ||
| 700 | _aWolfgang F. E. Preiser (Editor), Andrea E. Hardy (Editor), Jacob J. Wilhelm (Editor) | ||
| 942 |
_2ddc _cBK-EN _n0 |
||
| 999 |
_c8477 _d8477 |
||